日本の都道府県 (クリックバージョン) - Statistics

General Stats
  • This quiz has been taken 1,588 times
  • The average score is 30 of 47
Answers on the Map
Answers color-coded by a green-red scale on the quiz's map according to % correct below.
 
Answer Stats
Answer % Correct
千葉県
86%
北海道
82%
青森県
76%
広島県
75%
愛媛県
73%
福岡県
73%
福島県
72%
岩手県
72%
福井県
71%
愛知県
71%
兵庫県
71%
秋田県
71%
石川県
71%
三重県
71%
岐阜県
70%
大分県
70%
鹿児島県
69%
京都府
69%
茨城県
68%
神奈川県
68%
香川県
67%
群馬県
66%
新潟県
66%
熊本県
65%
長野県
65%
大阪府
65%
宮崎県
64%
高知県
64%
長崎県
64%
宮城県
63%
奈良県
62%
沖縄県
62%
埼玉県
60%
島根県
59%
佐賀県
59%
東京都
59%
山形県
57%
栃木県
55%
滋賀県
54%
徳島県
54%
和歌山県
54%
岡山県
53%
山梨県
53%
富山県
53%
山口県
53%
鳥取県
51%
静岡県
50%
No matching quizzes found
Score Distribution
Percent of People with Each Score
Percentile by Number Answered
Your Score History
You have not taken this quiz